ბათუმის შოთა რუსთაველის სახელმწიფო უნივერსიტეტის ბიბლიოთეკა

ქართულ–რუსული ფილოსოფიური ურთიერთობის ისტორიიდან : (ბიბ.ჩანაწერი № 37907)

000 -ლიდერი
ფიქსირებული სიგრძის საკონტროლო ველი 01202nam a2200241Ia 4500
001 - საკონტროლო ნომერი
საკონტროლო ველი 3885
003 - საკონტროლო ნომრის იდენტიფიკატორი
საკონტროლო ველი GE_BSU
005 - ბოლო ოპერაციის თარიღი და დრო
საკონტროლო ველი 20190821152009.0
008 - ფიქსირებული სიგრძის მონაცემთა ელემენტები - ზოგადი ინფორმაცია
ფიქსირებული სიგრძის საკონტროლო ველი 181216s1984||||ge |||||||||||||| ||geo||
040 ## - კატალოგიზაციის წყარო
Transcribing agency GE_BSU
041 ## - ენის კოდი
Language code of text/sound track or separate title geo
080 ## - უნივერსალური ათობითი კლასიფიკაციის ინდექსი
Universal Decimal Classification number 1(479.22):1(161.1) დ–27
100 ## - მთავარი ჩანაწერი - პიროვნების სახელი
Personal name დედაბრიშვილი, გ.
9 (RLIN) 3723
245 ## - ცნობა სათაურის შესახებ
Title ქართულ–რუსული ფილოსოფიური ურთიერთობის ისტორიიდან :
Remainder of title (XVIII-XIX ს-ის I მეოთხედი) /
Statement of responsibility, etc რედ. სერგი ავალიანი; საქ. სსრ მეცნ. აკად. ფილოსოფიის ინ–ტი.
264 ## - წარმოების, გამოცემის, დისტრიბუციის და სხვა ცნობები
გამოცემის, წარმოების, დისტრიბუციის... ადგილი თბ. :
გამოცემის, წარმოების, დისტრიბუციის... სახელწოდება მეცნიერება,
გამოცემის, წარმოების, დისტრიბუციის... თარიღი 1984.
300 ## - ფიზიკური აღწერა
Extent 213 გვ. ;
Other physical details 21 სმ.
520 ## - SUMMARY, ETC.
Summary, etc რეზ. რუს.
653 ## - INDEX TERM--UNCONTROLLED
Uncontrolled term რუსული ფილოსოფიის ისტორია
653 ## - INDEX TERM--UNCONTROLLED
Uncontrolled term ქართული ფილოსოფიის ისტორია
700 ## - ADDED ENTRY--PERSONAL NAME
Personal name ავალიანი, სერგი
Relator term რედაქტორი
9 (RLIN) 356
710 ## - ADDED ENTRY--CORPORATE NAME
Corporate name or jurisdiction name as entry element ფილოსოფიის ინ-ტი.
9 (RLIN) 3724
942 ## - ADDED ENTRY ELEMENTS (KOHA)
Koha item type წიგნი
Source of classification or shelving scheme
ეგზემპლარები
ჩამოწერის სტატუსი დაკარგული ეგზემპლარის სტატუსი კლასიფიკაციის წყარო ან თაროზე გაწყობის სქემა დაზიანების სტატუსი არ გაიცემა მუდმივი მდებარეობა (დაცვის ადგილი) ამჟამინდელი ადგილსამყოფელი თაროზე განთავსების ადგილი შეძენის თარიღი ღირებულება, შესყიდვის ნორმალური ფასი სრული შენახვის შიფრი შტრიხკოდი ბოლო ოპერაციის თარიღი ეგზემპლარის მიმდევრობითი ნომერი (კეტერი?) ფასის ძალაში შესვლის თარიღი ეგზემპლარის სახეობა საჯარო შენიშვნა
          ბათუმის შოთა რუსთაველის სახელმწიფო უნივერსიტეტის მთავარი ბიბლიოთეკა ბათუმის შოთა რუსთაველის სახელმწიფო უნივერსიტეტის მთავარი ბიბლიოთეკა წიგნსაცავი 2018-12-17 5.00 1(479.22):1(161.1) დ–27 5484 2018-12-17 5484 2018-12-17 წიგნი 5 ლ.
          ბათუმის შოთა რუსთაველის სახელმწიფო უნივერსიტეტის მთავარი ბიბლიოთეკა ბათუმის შოთა რუსთაველის სახელმწიფო უნივერსიტეტის მთავარი ბიბლიოთეკა წიგნსაცავი 2018-12-17 5.00 1(479.22):1(161.1) დ–27 5485 2018-12-17 5485 2018-12-17 წიგნი 5 ლ.
          ბათუმის შოთა რუსთაველის სახელმწიფო უნივერსიტეტის მთავარი ბიბლიოთეკა ბათუმის შოთა რუსთაველის სახელმწიფო უნივერსიტეტის მთავარი ბიბლიოთეკა წიგნსაცავი 2018-12-17 5.00 1(479.22):1(161.1) დ–27 5486 2018-12-17 5486 2018-12-17 წიგნი 5 ლ.
          ბათუმის შოთა რუსთაველის სახელმწიფო უნივერსიტეტის მთავარი ბიბლიოთეკა ბათუმის შოთა რუსთაველის სახელმწიფო უნივერსიტეტის მთავარი ბიბლიოთეკა წიგნსაცავი 2018-12-17 5.00 1(479.22):1(161.1) დ–27 5487 2018-12-17 5484 2018-12-17 წიგნი 5 ლ.